Autorské práva na trhu produktov diplomová práca

Uložené v:
Podrobná bibliografia
Hlavný autor: Marcinová, Ivana
Korporativný autor: Obchodná fakulta EU. Katedra tovaroznalectva a kvality tovaru
Ďalší autori: Košútová, Tatiana, 1962-
Médium: Kniha
Jazyk:Slovak
Vydavateľské údaje: Bratislava 2017
Tagy: Pridať tag
Žiadne tagy, Buďte prvý, kto otaguje tento záznam!

MARC

LEADER 00000nbm a2200000 4500
001 0230693
005 20171005103908.1
041 0 |a slo 
044 |a SK 
245 1 0 |a Autorské práva na trhu produktov  |b diplomová práca  |c Ivana Marcinová ; školiteľ: Tatiana Košútová 
264 1 |a Bratislava  |c 2017 
300 |a 73 s. 
100 1 |a Marcinová, Ivana 
700 1 |a Košútová, Tatiana, 1962- 
710 2 |a Obchodná fakulta EU. Katedra tovaroznalectva a kvality tovaru